Statystyki dla Najdłuższe rzeki polski

Kliknij tutaj aby rozwiązać quiz!

Ogólne statystyki

  • Ten quiz został rozwiązany 22 razy
  • Średni wynik to 13 z 25

Statystyki odpowiedzi

Długość kmRzeka% Poprawnych
854Odra
100%
774Bug
95%
808Warta
95%
1047Wisła
95%
499Narew
77%
443San
77%
391Noteć
68%
249Dunajec
64%
333Pilica
55%
349Wieprz
55%
279Bóbr
50%
252Nysa Łużycka
50%
220Wisłok
45%
198Wda
41%
173Bzura
36%
189Nysa Kłodzka
36%
207Drwęca
32%
264Łyna
32%
245Brda
27%
210Pasłęka
27%
255Wkra
27%
192Drawa
18%
174Poprad
18%
188Rega
18%
227Prosna
14%

Rozkład punktacji

Percentyl według liczby udzielonych odpowiedzi

Procent ludzi z każdym wynikiem

Twoja historia wyników

Nie rozwiązałeś tego quizu